000 00410nam a22001817a 4500
999 _c10642
_d10642
003 OSt
008 210520b ||||| |||| 00| 0 eng d
020 _a9789388391559
100 _aVASISHTHA,AR
245 _aDifferential Calculus
250 _a30th
260 _aMeerut
_bKrishna
_c2021
300 _aMISC
650 _aApplied Sc
700 _aSHARMA,SK
700 _aVASISHTHA,AK
942 _2ddc
_cBK
_01